Word Ladder: Latin Phrases Quiz Stats

 Plays Quiz Updated Mar 3, 2020

Support Sporcle.
Go Orange.
Score 0/64 Timer 06:00
1 Play Today
Clue Answer % Correct
The A in a B.A. degreeARTS
86.9%
WeaponryARMS
83.3%
Provide food toFEED
82.1%
Passes awayDIES
81.8%
Repair clothingMEND
80.6%
Ran awayFLED
79.8%
What a beggar requestsALMS
77.9%
It might bite a dogFLEA
77.8%
Parry, ward offFEND
77.7%
FIRES
77.5%
FIXES
77.4%
FAXES
77.3%
PORES
75.8%
FORES
75.7%
Have a mealDINE
75.4%
FIRMA
74.6%
MIXER
74.3%
MIXES
74.1%
FORMS
73.8%
Bucks' matesDOES
73.3%
FIRMS
73.2%
The school one attendedMATER
73.1%
Grape or tomato connectorVINE
72.1%
phrase: Seize the dayCARPE
72%
FACES
71%
PATER
70.9%
FARES
70.3%
FACTS
70.2%
FORMA
69.8%
ALMA
69.8%
Juan and CorleoneDONS
69%
CARVE
68.6%
Clue Answer % Correct
Lhasa ____, a dog breedAPSO
68.5%
CURSE
68.4%
DIEM
68%
PURSE
67.5%
PÂTÉS
67.4%
Commedia dell'____ARTE
67.1%
Hibernation placesDENS
66.5%
CURVE
64.9%
MITER
64.7%
ClangorsDINS
64.3%
PARES
62.3%
BumARSE
61.7%
Title for a Spanish ladyDOÑA
61.6%
Cathedral featureAPSE
61.5%
Hit one's headBONK
61.2%
A religious asceticMONK
59.2%
VERSE
58.3%
The die is cast:
____ iacta est
ALEA
58.2%
CARES
57.6%
By that very factFACTO
56.8%
Guilty mind: ____ reaMENS
56.6%
BONA
55.6%
FADES
55.5%
PER SE
55.4%
Good faithFIDES
55.3%
Mount Olympus:
Olympus ____
MONS
54.9%
CARPS
54.4%
Ruby, Kiki, and Kool MoeDEES
52.6%
● 4 LETTERS ●IPSO
52.5%
The other way aroundVERSA
50.7%
Regard, considerDEEM
50.6%
VICE
47.6%

From the Vault

Blind Secret Country

by goc3

Geography 90s
Extra credit if you score 100% while blindfolded.
Remove Ads.
Support Sporcle.
Get the best of Sporcle when you Go Orange. This ad-free experience offers more features, more stats, and more fun while also helping to support Sporcle. Thank you for becoming a member.

Show Comments

Extras

Top Quizzes Today


Score Distribution

Your Account Isn't Verified!

In order to create a playlist on Sporcle, you need to verify the email address you used during registration. Go to your Sporcle Settings to finish the process.

Report this User

Report this user for behavior that violates our Community Guidelines.

Details: